LEADER 01025nam2 2200277 i 450 001 SUN0005011 005 20140702124832.366 010 $a88-14-03096-0 100 $a20020806d1992 |0itac50 ba 101 $aita 102 $aIT 105 $a|||| ||||| 200 1 $aˆIl ‰collegio sindacale$fGuido Uberto Tedeschi 210 $aMilano$cGiuffrè$d1992 215 $aX, 473 p.$d25 cm. 410 1$1001SUN0061348$12001 $aˆIl ‰codice civile. Commentario$1210 $aMilano$cGiuffrè. 517 1$3SUN0077533$aArtt. 2397-2408. 620 $dMilano$3SUNL000284 700 1$aTedeschi$b, Guido U.$3SUNV001491$0730284 712 $aGiuffrè$3SUNV001757$4650 790 1$aTedeschi, Guido Uberto$zTedeschi, Guido U.$3SUNV067753 801 $aIT$bSOL$c20181231$gRICA 912 $aSUN0005011 950 $aUFFICIO DI BIBLIOTECA DEL DIPARTIMENTO DI GIURISPRUDENZA$d00CONS XV.D.12 2397-2408 $e00 8321 20020806 996 $aCollegio sindacale$91401806 997 $aUNICAMPANIA